00705nam a2200193Ia 4500008004100000020001800041082001600059100002200075245013100097250000700228260004100235300003000276500001900306600001500325650001500340942000700355952013200362999001700494240925s9999 xx 000 0 und d a9780981808208 a658.022 MIC aMichalowicz, Mike 4aThe Toilet Paper Entrepreneur: the tell-it-like-it-is guide to cleaning up in business even if you are at the end of your roll aNA aNew Jersey:bObsidian Launchc,2008. axviii,678p.bN.AfPirated aIncludes Index aManagement aManagement cBK 001040708MANaUITUbUITUd2011-08-22eRoyal Book Company g16.32l0o658.022 MICpQ8821r2024-09-25 07:15:06w2024-09-25yBK c11320d11320